000 00760nam a22002537a 4500
003 CHAP
005 20220817041614.0
008 971013s1962 r 00010 d
010 _a19464
011 _a20436
035 _a24524
040 _cCHAP
082 _a631.521
_bA5 1962
110 _aAmerican Seed Research Foundation
_95275
245 _aSeedsmen's short course, april 29-may 3, 1962, proceedings
260 _aState College :
_bMississippi Agr. Exp. Sta.,
_c1962
300 _a170 p.
_b: ilus
590 _aBATCH-UPD
_b10
_c20130110
_lUCH01
_h1836
590 _aCONVERSION
_b10
_c20130109
_lUCH01
_h1312
650 1 4 _aSemillas.
901 _aBK
942 _cLIBRO
949 _a631.521 A5 1962
_bBC
_cLIBRO
_d33724000081600
_eLIBRO
_h21659
_i24524
_si
999 _c19464
_d19464